ՀՀ Գիտությունների ազգային ակադեմիայի հիմնարար գիտական գրադարան  =   Fundamental Scientific Library of NAS RA

Летопись Кая Корнелия Тацита / (Record no. 423296)

MARC details
000 -LEADER
fixed length control field 00959nam a2200265 a 4500
003 - CONTROL NUMBER IDENTIFIER
control field AM-YeHGA
005 - DATE AND TIME OF LATEST TRANSACTION
control field 20250618075027.0
008 - FIXED-LENGTH DATA ELEMENTS--GENERAL INFORMATION
fixed length control field 170925m1858 ru |||||r|||||000|0arus||
040 ## - CATALOGING SOURCE
Original cataloging agency AM-YeHGA
041 1# - LANGUAGE CODE
Language code of text/sound track or separate title rus
090 ## - LOCALLY ASSIGNED LC-TYPE CALL NUMBER (OCLC); LOCAL CALL NUMBER (RLIN)
-- 425736
100 1# - MAIN ENTRY--PERSONAL NAME
Personal name Тацит
245 10 - TITLE STATEMENT
Title Летопись Кая Корнелия Тацита /
Statement of responsibility, etc. Пер. Ал. Кронеберга.
246 13 - VARYING FORM OF TITLE
Title proper/short title Лѣтопись Кая Корнелiя Тацита
260 ## - PUBLICATION, DISTRIBUTION, ETC.
Place of publication, distribution, etc. Москва :
Name of publisher, distributor, etc. К. Солдатенков и Н. Щепкин,
Date of publication, distribution, etc. 1858-.
300 ## - PHYSICAL DESCRIPTION
Extent Часть ;
Dimensions 21 см.
505 10 - FORMATTED CONTENTS NOTE
Miscellaneous information Ч. 1 (1858, XXVI, 298 с.)
505 10 - FORMATTED CONTENTS NOTE
Miscellaneous information Ч. 2 (1858, [4], 241 с.)
600 14 - SUBJECT ADDED ENTRY--PERSONAL NAME
Personal name Тацит, Корнелий Кай
650 14 - SUBJECT ADDED ENTRY--TOPICAL TERM
Topical term or geographic name entry element Պատմություն
650 14 - SUBJECT ADDED ENTRY--TOPICAL TERM
Topical term or geographic name entry element Հին աշխարհի պատմություն
9 (RLIN) 26
651 #4 - SUBJECT ADDED ENTRY--GEOGRAPHIC NAME
Geographic name Рим древний
General subdivision История
700 1# - ADDED ENTRY--PERSONAL NAME
Personal name Кроненберг, Алексей
Relator term пер.
Relationship trl
942 ## - ADDED ENTRY ELEMENTS (KOHA)
Source of classification or shelving scheme Universal Decimal Classification
Koha item type Գրքեր / Books
Holdings
Withdrawn status Lost status Damaged status Not for loan Collection Home library Current library Date acquired Serial enumeration / chronology Total checkouts Full call number Barcode Date last seen Price effective from Koha item type Public note
        General Fundamental Scientific Library Fundamental Scientific Library 18/06/2019 Ч. 1   РД II/62212 FL0583430 18/06/2019 18/06/2019 Գրքեր / Books 30 Days Loan


ՀՀ ԳԱԱ հիմնարար գիտական գրադարան
ՀՀ,Երևան 0019
Մարշալ Բաղրամյան 24/6
հեռախոս:(374-10) 52-47-50
Հետադարձ կապ

All site content, except where otherwise noted, is licensed under a
Creative Commons License